[Event "Linares Anibal op 08th"]
[Site "Linares"]
[Date "2001.01.18"]
[Round "11"]
[White "Zvjaginsev, Vadim"]
[Black "Motylev, Alexander"]
[Result "1/2-1/2"]
[WhiteElo "2631"]
[BlackElo "2570"]
[Annotator "Huzman,A"]
[PlyCount "41"]
[EventDate "2001.01.08"]
[EventType "swiss"]
[EventRounds "11"]
[EventCountry "ESP"]
[SourceTitle "CBM 081"]
[Source "ChessBase"]
[SourceDate "2001.03.20"]
[SourceVersion "1"]
[SourceVersionDate "2001.03.20"]
[SourceQuality "1"]

1. e4 e5 2. Nf3 Nf6 3. Nxe5 d6 4. Nf3 Nxe4 5. d4 d5 6. Bd3 Nc6 7. O-O Be7 8. c4
Nb4 9. Be2 O-O 10. Nc3 Be6 11. Ne5 f6 12. Nf3 Kh8 13. Re1 c5 14. Be3 (14. cxd5
Nxc3 15. bxc3 Nxd5 16. Qb3 $5 cxd4 (16... b6 17. c4 Nc7 18. d5 $16) (16... Nf4
17. Qb2 $1 Nxe2+ $140 $2 18. Qxe2 $18) (16... Qd7 $2 17. Bb5 $18) 17. Nxd4 (17.
Bc4 Bg8 18. Qxb7 Rc8 19. Bxd5 Rc7 20. Qa6 Bxd5 21. Nxd4 Rxc3 $11) 17... Bg8 18.
Bf3 Rc8 19. Ne6 Bxe6 20. Rxe6 $16) (14. a3 Nxc3 15. bxc3 Nc6 16. Rb1 Qd7 $11 (
16... Qc7 $5)) 14... f5 $1 {[%mdl 4]} 15. cxd5 (15. a3 f4 (15... Nc6 16. Nxd5
cxd4 17. Nxd4 Bxd5 18. cxd5 Qxd5 19. Nxc6 Qxc6 (19... bxc6 20. Qc2 $16) 20. Rc1
$16) (15... Nxc3 16. bxc3 Nc6 17. cxd5 Bxd5 18. dxc5) 16. Bxf4 (16. Bc1 Nxc3
17. bxc3 Nc6 $132) 16... Nxc3 (16... Rxf4 17. axb4 cxb4 18. Nxd5 Bxd5 19. Qc1
$1 (19. cxd5 Qxd5 20. Bd3 Nxf2 $1 21. Kxf2 Qxd4+ 22. Ke2 Qxb2+ 23. Qd2 Qf6 $44)
19... Bg5 (19... Rf5 20. cxd5 Nf6 21. Ne5 $16) 20. Nxg5 Qxg5 21. g3 $1 (21. f3
Qf6) 21... Nxf2 22. Bf1 Raf8 23. cxd5 Qg6 24. Re6 R4f6 $13) 17. bxc3 Rxf4 18.
axb4 cxb4 19. Qc1 Rf6 20. c5 bxc3 21. Qxc3 b6 $14) 15... Nxc3 16. bxc3 Nxd5 17.
Bd2 cxd4 18. Nxd4 (18. cxd4 Bf6 19. Rb1 b6 $11) 18... Bg8 19. Rb1 Qc7 20. Nb5
Qd7 21. c4 (21. c4 Nb6 22. Bc3 Qxd1 23. Rexd1 Rfc8 $11) 1/2-1/2

[Event "Corus"]
[Site "Wijk aan Zee"]
[Date "2001.01.17"]
[Round "4"]
[White "Shirov, Alexei"]
[Black "Piket, Jeroen"]
[Result "1-0"]
[WhiteElo "2718"]
[BlackElo "2632"]
[Annotator "Huzman,A"]
[PlyCount "85"]
[EventDate "2001.01.13"]
[EventType "tourn"]
[EventRounds "13"]
[EventCountry "NED"]
[EventCategory "19"]
[SourceTitle "CBM 081"]
[Source "ChessBase"]
[SourceDate "2001.03.20"]
[SourceVersion "1"]
[SourceVersionDate "2001.03.20"]
[SourceQuality "1"]

{[%mdl 1]} 1. e4 e5 2. Nf3 Nf6 3. Nxe5 d6 4. Nf3 Nxe4 5. d4 d5 6. Bd3 Bd6 7.
O-O O-O 8. c4 c6 9. Re1 Bf5 10. Qc2 Bg6 11. c5 Bc7 12. Nc3 Nf6 (12... f5 13.
Ne2 Nd7 14. Bf4 Bh5 15. Bxc7 Qxc7 16. Nd2 Bxe2 17. Rxe2 Rae8 18. Nb3 g6 19.
Rae1 Kf7 20. Qc1 Nef6 21. Nd2 Rxe2 22. Bxe2 Re8 23. Nf3 Kg7 24. b4 $14 {
1-0 Brodsky,M-Maksimenko,A/Copenhagen 1994/EXT 99 (54)}) (12... Na6 13. a3 Re8
14. b4 Qf6 15. Nxe4 dxe4 16. Bxe4 Rxe4 17. Rxe4 Qf5 18. Nd2 Qh5 19. Nf1 Qd5 20.
f3 Bxe4 21. Qxe4 $16 {Yudasin,L-Rozentalis,E/Lvov (zt) 1990/Inf 49 (21)}) (
12... Nxc3 13. Qxc3 Nd7 14. Bg5 f6 15. Bh4 Ba5 16. b4 Bxb4 17. Qxb4 Bxd3 18.
Re3 Ba6 19. Rae1 Rf7 20. Bg3 Nf8 21. Qb1 b6 22. Bd6 bxc5 23. dxc5 $44 {1-0
Hracek,Z-Bratanov,Z/Budapest HUN 2000 (30)}) 13. Bg5 Nbd7 (13... b6 14. b4 (14.
Bxg6 hxg6 15. b4 $14) (14. cxb6 axb6 15. Ne5 Bxd3 16. Qxd3 Qd6 17. Re3 Ne4 18.
Nxe4 dxe4 19. Rxe4 Qd5 (19... f6 20. Rh4 fxe5 21. Qxh7+ Kf7 22. Rh6 $1 $18) 20.
Bf6 Rxa2 21. Rae1 Nd7 $11 22. Nxd7) 14... a5 15. cxb6 Bxb6 16. b5 $16) 14. Ne5
Bxd3 15. Qxd3 Qc8 (15... Qb8 16. f4 Nxe5 17. fxe5 Nd7 18. Be7 Re8 19. Bd6 $36)
16. f4 Ba5 17. Qg3 Kh8 (17... Bxc3 18. bxc3 Ne4 19. Rxe4 dxe4 20. Bh6 (20. Nxd7
Qxd7 21. Bf6 g6 $13) 20... g6 21. Bxf8 Nxf8 22. f5 $1 $16 (22. Re1 f5)) 18. Qh4
Bxc3 (18... Ne4 19. Re3 Nxg5 20. Qxg5 f6 21. Ng6+ $1 hxg6 22. Qxg6 $18 {
[%cal Ge3h3]}) 19. bxc3 Ne4 20. Re3 {[%mdl 644]} Nxg5 (20... Nxe5 21. fxe5 Qe6
22. Rf1 b6 23. Be7 (23. Ref3 Nxg5 24. Qxg5 bxc5) 23... Rfe8 (23... Rg8 24. Rh3
Qg6 25. Rxf7 $16) 24. Rh3 h6 25. Bf6 Kg8 26. Bxg7 Kxg7 27. Rf6 Qxh3 28. Qxh3 (
28. gxh3 Nxf6 29. Qxf6+ Kg8 30. Qxc6 Rac8 31. Qxd5 bxc5 $16) 28... Nxf6 29.
Qg3+ Kh7 (29... Ng4 30. Qxg4+ Kf8 31. Qd7 Re6 (31... Rec8 32. Qd6+ $16) 32. Qb7
Rae8 33. cxb6 axb6 34. Qxb6 f6 35. exf6 $16) 30. exf6 Rg8 31. Qc7 $18) 21. Qxg5
h6 (21... Nxe5 22. fxe5 $16) 22. Qh5 (22. Qh4 b6 $132) 22... Nf6 (22... Kg8 23.
Rg3 Nxe5 24. fxe5 Qe6 25. Rf1 $40 {[%cal Gf1f6]}) 23. Nxf7+ $1 Kh7 (23... Kg8
24. Nxh6+ gxh6 25. Qg6+ Kh8 26. Qxh6+ Kg8 27. Rg3+ $18) 24. Ng5+ Kg8 25. Qg6 $1
hxg5 26. Re7 Ne8 27. Rae1 Qg4 $8 (27... Kh8 28. R1e6 gxf4 29. Qh5+ Kg8 30. Rh6
$1 $18) 28. fxg5 (28. g3 Rxf4 29. Rxe8+ Rxe8 30. Rxe8+ Rf8 $11) 28... Qh4 $2 ({
It seems strange,but I cannot see how White can improve their position after
calm} 28... Rb8 $1) 29. g3 Qh3 30. Rxb7 $16 Qf5 31. Qe6+ $1 Qxe6 (31... Kh8 32.
Qxf5 Rxf5 33. Rbe7 Rf8 34. R1e6 $18) 32. Rxe6 Rf7 33. Rxf7 Kxf7 34. Rxc6 Rb8
35. Ra6 (35. a4 $5 Rb3 36. Ra6 Rxc3 37. Rxa7+ Ke6 38. a5 Rc4 $132) 35... Rb7
36. h4 $1 Nc7 37. Rd6 Nb5 $2 {A decisive mistake. Much more stubborn was} (
37... Ke7 38. h5 Rb1+ 39. Kg2 (39. Kf2 Rb2+ 40. Kf3 Rxa2 41. h6 gxh6 42. gxh6
Rh2 43. g4 Ne6 $132) 39... Rb2+ 40. Kh3 Rxa2 41. h6 gxh6 42. gxh6 Ra1 43. Kg4
Rh1 44. Kf5 a5 $132) 38. g6+ Ke7 39. Rxd5 Nxc3 40. Re5+ Kf6 (40... Kd8 41. d5
Nxa2 42. c6 Rc7 43. h5 $18) 41. c6 Rb1+ (41... Rc7 42. h5 Rxc6 43. g4 Re6 44.
g5+ Ke7 45. h6 Rxe5 46. dxe5 gxh6 47. g7 Kf7 48. e6+ Kxg7 49. gxh6+ $18) 42.
Kg2 Rb2+ 43. Kf3 1-0

[Event "Olympiad-36"]
[Site "Mallorca"]
[Date "2004.10.25"]
[Round "10"]
[White "Short, Nigel D"]
[Black "Dao, Thien Hai"]
[Result "1/2-1/2"]
[WhiteElo "2687"]
[BlackElo "2601"]
[Annotator "Huzman,A"]
[PlyCount "57"]
[EventDate "2004.10.15"]
[EventType "team-swiss"]
[EventRounds "14"]
[EventCountry "ESP"]
[SourceTitle "CBM 104"]
[Source "ChessBase"]
[SourceDate "2005.01.27"]
[SourceVersion "1"]
[SourceVersionDate "2005.01.27"]
[SourceQuality "1"]
[WhiteTeam "England"]
[BlackTeam "Vietnam"]
[WhiteTeamCountry "ENG"]
[BlackTeamCountry "VIE"]

1. e4 e5 2. Nf3 Nf6 3. Nxe5 d6 4. Nf3 Nxe4 5. d4 d5 6. Bd3 Nc6 7. O-O Be7 8. c4
Nf6 9. cxd5 Nxd5 10. Nc3 O-O 11. Re1 Be6 12. a3 Re8 13. Qc2 (13. h3 Bf6 14. Bc2
Nxc3 15. bxc3 Bd5 16. Rxe8+ Qxe8 17. Bf4 Qe7 18. Qd3 g6 19. a4 Na5 20. Re1 $14
{1/2-1/2 Ballester Sanz,J-Sospedra Sebastian,J/Valencia 1992/EXT 98 (56)})
13... h6 (13... Nf6 14. Be3 Bg4 15. Ne5 Nxd4 16. Bxd4 Qxd4 17. Nb5 $16 {
1-0 Martin Gonzalez,A-Olea Perez,M/Barcelona 2000/CBM 77 ext (25)}) 14. Rxe6 {
Typical sacrifise of exchange is not so dangerous for Black in this position
because he can regroup his pieces for defence very fast.} fxe6 15. Qe2 Bd6 16.
Bd2 Nf6 {[%cal Ye6e5]} 17. Bc4 Kh8 18. Bxe6 $2 {[%mdl 8192]} (18. Bb5 $142 a6
19. Bxc6 bxc6 20. Qc4 (20. Re1 c5 $17) 20... e5 $17) 18... Nxd4 $6 (18... Bxh2+
$1 19. Kxh2 (19. Nxh2 Nxd4 $19) (19. Kh1 Nxd4 20. Nxd4 Qxd4 21. Be3 Qh4 $19)
19... Qd6+ $19) 19. Nxd4 Bxh2+ 20. Kxh2 Qxd4 21. Kg1 Rxe6 22. Qxe6 Qxd2 $17 23.
Qb3 Re8 (23... Ng4 $1 24. Rf1 (24. Ne4 Qf4 $19) 24... Qf4 25. g3 Qf3 26. Qd5
Qxd5 27. Nxd5 c6 $17) 24. Qxb7 Re1+ 25. Rxe1 Qxe1+ 26. Kh2 Qxf2 27. Qxc7 Qh4+ (
27... Qxb2 $5 28. Qc8+ Ng8 (28... Kh7 29. Qf5+ Kg8 30. Qc8+ Kf7 31. Qc4+ Kg6
32. Qd3+ $11)) 28. Kg1 Ng4 29. Qc8+ 1/2-1/2

[Event "Olympiad-36"]
[Site "Mallorca"]
[Date "2004.10.25"]
[Round "10"]
[White "Bologan, Viktor"]
[Black "Macieja, Bartlomiej"]
[Result "1-0"]
[WhiteElo "2669"]
[BlackElo "2613"]
[Annotator "Huzman,A"]
[PlyCount "53"]
[EventDate "2004.10.15"]
[EventType "team-swiss"]
[EventRounds "14"]
[EventCountry "ESP"]
[SourceTitle "CBM 104"]
[Source "ChessBase"]
[SourceDate "2005.01.27"]
[SourceVersion "1"]
[SourceVersionDate "2005.01.27"]
[SourceQuality "1"]
[WhiteTeam "Moldova"]
[BlackTeam "Poland"]
[WhiteTeamCountry "MDA"]
[BlackTeamCountry "POL"]

1. e4 e5 2. Nf3 Nf6 3. Nxe5 d6 4. Nf3 Nxe4 5. d4 d5 6. Bd3 Nc6 7. O-O Be7 8.
Re1 Bf5 9. c4 O-O 10. cxd5 Qxd5 11. Nc3 (11. Qb3 Qxb3 12. axb3 Nd6 13. Bxf5
Nxf5 14. d5 Nb4 15. g4 Nh4 16. Rxe7 Nxf3+ 17. Kg2 Nxd5 18. Rd7 Ne1+ 19. Kf1 Nf6
20. Rxc7 Nd3 $15 {1/2-1/2 Filipenko,A-Pripis,F/Yerevan 1983/MCD (42)}) (11. Qc2
Nb4 12. Bxe4 Nxc2 13. Bxd5 Rae8 14. Bxb7 Bb4 15. Rxe8 Rxe8 16. Bc6 Rb8 17. g4
Bg6 18. a3 Nxa1 19. axb4 Bxb1 $15 {1/2-1/2 Shirov,A-Ivanchuk,V/Monaco 2002/CBM
87 ext (28)}) (11. Bxe4 Bxe4 12. Nc3 Bxf3 13. Nxd5 Bxd1 14. Nxe7+ Nxe7 15. Rxe7
Rfe8 $11 {1/2-1/2 Tan,D-Perez Garcia,R/Gent 2004/CBM 101 ext (18)}) 11... Nxc3
12. bxc3 Bxd3 13. Qxd3 b5 (13... Rad8 14. Bf4 Qd7 15. Re3 h6 16. Rae1 Bd6 17.
Bxd6 Qxd6 18. h3 Rd7 19. Qb5 {1/2-1/2 Magem Badals,J-Perez,R/Pamplona ESP 2003/
(19)}) (13... Rae8 14. Bf4 Bd6 {1/2-1/2 Dimitrov,V-Vukanovic,S/Nis 1998/EXT
2002 (14)}) (13... Bf6 14. Bf4 $14 {1-0 Dogge,M-Daniels,H/Vlissingen 2002/CBM
89 ext (26)}) (13... Rfe8 14. Bf4 Bd6 (14... Qd7 15. Rab1 (15. Re3 Bf6 16. Rae1
Re7 17. Bg5 Rxe3 18. fxe3 Bxg5 19. Nxg5 g6 20. e4 $14 {1-0 Yagupov,I-Sorokin,M/
St Petersburg 2001/EXT 2002 (66)}) 15... b6 16. d5 Rad8 17. Rbd1 Na5 18. Ne5
Qc8 19. Qg3 $36 {1/2-1/2 Smirnov,P-Koneru,H/Chennai IND 2004/(34)}) 15. Ng5 g6
16. Bd2 Be7 17. h4 b5 18. Nf3 Bd6 19. a4 a6 $11 {1-0 Anand,V-Charbonneau,P/
Calvia ESP 2004/(34)}) 14. Bf4 Bd6 (14... Rac8 15. a4 a6 (15... b4 16. Qb5 $1
Rfd8 17. c4 (17. cxb4 Qd7 $1 (17... Bxb4 $4 18. Re8+ $18) 18. Qc4 Nxb4 $11)
17... Qd7 18. d5 $36 Nb8 19. Qa5 (19. Qxd7 Rxd7 20. Ne5 Rdd8 21. Ng6 Bf6 22.
Ne7+ Bxe7 23. Rxe7 Na6 24. Rae1 Kf8) 19... a6 20. Rad1 Bd6 21. Bxd6 Qxd6 22. c5
Qf4 23. Rd4 Nc6 24. dxc6 Rxd4 25. Nxd4 Qxd4 26. Qxc7 $16) 16. axb5 axb5 17.
Rab1 b4 18. c4 Qd7 19. d5 $16) 15. Ng5 g6 (15... f5 16. Ne6 Rf7 17. a4 $1 $16)
16. Ne4 (16. Qh3 h5 17. Ne4 Kg7 18. Qe3 $16 {Abramovic,B-Radulov,I/Vrnjacka
Banja 35/(399) 1983 (18)}) 16... f5 17. Nxd6 cxd6 18. Qg3 Rfe8 (18... Rfd8 19.
h4 b4 20. h5 $40) (18... Rad8 19. h4 b4 20. h5 $40) 19. Bxd6 Qxa2 20. h4 $1 {
[%mdl 4]} Qd5 21. h5 f4 $6 (21... Kg7 22. Bc5 {[%cal Gg3c7]} Rxe1+ 23. Rxe1 Qd7
24. Qd3 $1 $16 {[%cal Gd3b5,Gd4d5]}) 22. Bxf4 Qxh5 23. Bg5 $1 {[%cal Gd4d5]} h6
24. Bf6 Rxe1+ (24... Qf5 25. Qd6 Rxe1+ 26. Rxe1 Rf8 27. Re6 $1 Nb8 28. f3 $18)
25. Rxe1 Rf8 26. Qd6 Qf5 27. Re6 {[%mdl 32]} 1-0

[Event "EU-ch 4th"]
[Site "Istanbul"]
[Date "2003.06.06"]
[Round "7"]
[White "Grischuk, Alexander"]
[Black "Pavasovic, Dusko"]
[Result "1/2-1/2"]
[WhiteElo "2701"]
[BlackElo "2584"]
[Annotator "Huzman,A"]
[PlyCount "64"]
[EventDate "2003.05.30"]
[EventType "swiss"]
[EventRounds "13"]
[EventCountry "TUR"]
[SourceTitle "CBM 096"]
[Source "ChessBase"]
[SourceDate "2003.09.25"]
[SourceVersion "1"]
[SourceVersionDate "2003.09.25"]
[SourceQuality "1"]

1. e4 e5 2. Nf3 Nf6 3. Nxe5 d6 4. Nf3 Nxe4 5. d4 d5 6. Bd3 Nc6 7. O-O Be7 8. c4
Nb4 9. Be2 dxc4 10. Bxc4 O-O 11. Nc3 Nxc3 12. bxc3 Nd5 13. Qc2 (13. Qb3 c6 (
13... Nb6 {1/2-1/2 Tatai,S-Smyslov,V/Graz 1984/MCD (13)}) 14. Re1 Nb6 15. Bd3
Be6 16. Qc2 h6 17. Bf4 Nd5 18. Be5 Qa5 19. c4 Nb4 20. Qc3 Qa6 21. Bf1 $16 {
1-0 Fortado,B-Zarembsky,I/Chicago 1997/EXT 2000 (44)}) (13. Qd3 c6 14. Bb3 Re8
15. Ne5 Bf8 16. Bd2 Be6 17. Rae1 g6 18. Qf3 Bg7 19. h3 Rc8 20. Rd1 b5 $11 {
1-0 Popovic,P-Kapelan,M/Vrsac 1989/CBM 15 (45)}) (13. Re1 c6 14. Qd3 Be6 15.
Bb3 Bf6 16. Ne5 Re8 17. Bc2 (17. Qf3 Bxe5 18. dxe5 Nb6 19. Bc2 Qh4 20. Re4 Qe7
21. Rd4 g6 22. Qg3 Bd5 23. f4 Kh8 24. Rd1 f5 25. exf6 Qxf6 26. Be3 $16 {
1/2-1/2 Enjuto Velasco,R-Avram,S/Zakopane 2000/CBM 77 ext (36)}) 17... g6 18.
Qg3 Bh4 19. Qf3 Qf6 20. Rb1 Nxc3 21. Rxb7 Qxf3 22. Nxf3 Bd5 {1/2-1/2 Tirard,
H-Maitesian,S/Hyeres 2001/EXT 2002 (22)}) (13. Ne5 c6 14. Bb3 (14. Qf3 Be6 (
14... f6 15. Nd3 Be6 16. Bd2 (16. Re1 Bf7 17. Nf4 Nxf4 18. Bxf7+ Rxf7 19. Bxf4
Qa5 20. Re2 Bf8 21. Rae1 Qf5 22. Qg3 $14 {1/2-1/2 Ramesh,R-Barua,D/Udaipur
2000/EXT 2001 (40)}) 16... Bf7 17. Bb3 Re8 18. Rab1 Qd7 19. Rfd1 Bf8 20. Nf4
Rad8 21. c4 Nxf4 22. Bxf4 Qf5 $11 {1/2-1/2 Emms,J-Barua,D/London 1993/TD (38)})
15. Re1 Bg5 16. Ba3 Re8 17. Rab1 Qc8 18. Rbd1 Nc7 19. Nxf7 Bxc4 20. Nxg5 $16 {
0-1 Emms,J-Rubio,J/Benidorm 1992/TD (43)}) 14... Be6 15. Bb2 {1/2-1/2
Savanovic,A-Pavasovic,D/Graz 1998/EXT 99 (15)}) 13... Be6 (13... c6 14. Bd3 (
14. Re1 h6 15. a4 Bd6 16. Ne5 Qf6 17. Bxd5 cxd5 18. Qb3 Be6 {1/2-1/2 Ravi,
T-Barua,D/Mumbai 2000/CBM 76 ext (18)}) 14... Nf6 15. Re1 Be6 $2 16. Ng5 $18 {
1-0 Groetz,H-Denk,A/St Poelten 2002/CBM 90 ext (27)}) 14. Bd3 h6 (14... g6 15.
Rb1 Rb8 16. Re1 Bf6 17. c4 Ne7 (17... Nb6 18. d5 Bd7 19. Bf4 Na4 20. Ne5 Nc5
21. Nxd7 Nxd3 22. Qxd3 Qxd7 23. Qg3 Rfc8 24. Rbd1 $16 {1-0 Vodicka,V-Pliva,V/
CZE 1999/EXT 2003 (48)}) 18. Ba3 Re8 19. d5 Bd7 20. Nd2 Nf5 21. Ne4 Bd4 22. Bb2
c5 23. Bxd4 Nxd4 24. Qd2 b6 25. Qh6 f6 26. Qf4 Bf5 27. h4 Bxe4 28. Bxe4 Re5 $11
{1-0 Sumaneev,D-Grechkin,D/Orel 1996/EXT 99 (55)}) 15. Rb1 b6 (15... Rb8 16.
Bd2 Nf6 17. Rfe1 $36) 16. Bh7+ Kh8 17. Be4 Rc8 18. c4 Nf6 (18... c6 19. Ne5 $36
) 19. Bb7 (19. Bc6 $5 Bd7 $140 (19... Bd6 20. Rd1 Bd7 21. Ne5 $16) 20. Ne5 Bxc6
21. Nxc6 $16) 19... Rb8 20. Bc6 Bd6 21. Rd1 {[%cal Gc4c5]} (21. Re1 Bd7 22.
Bxd7 Qxd7 23. d5 Rbe8 24. Bb2 $14) 21... Qc8 22. Rb3 (22. Qa4 $5 Bd7 23. Ne5
Bxc6 (23... Bxe5 24. dxe5 Bxc6 25. Qxc6 Ng4 26. Bb2 Qf5 27. Qf3 $1 $16) 24.
Nxc6 Qd7 25. c5 Be7 $13) 22... Bf5 23. Qb2 (23. Qe2 Bd7 24. Ne5 Qe8 $11) (23.
Qc3 Be4 24. Bxe4 Nxe4 25. Qc2 Re8 26. Re3 Qb7 (26... f5 27. Nh4 $1 $16) 27.
Rde1 Nf6 28. Rxe8+ Rxe8 29. Rxe8+ Nxe8 30. Qf5 $14) 23... Bd7 (23... Be4 24.
Bxe4 Nxe4 25. Re1 Nf6 26. Ne5 $36) 24. Ne5 (24. Bxd7 Qxd7 25. d5 Qf5 $11) 24...
Bxc6 (24... Bxe5 $2 25. dxe5 Bxc6 26. exf6 $40) 25. Nxc6 Qg4 $1 {[%mdl 256]}
26. Rf3 (26. f3 Qh5 27. g4 Nxg4 28. Nxb8 Rxb8 29. c5 Bxh2+ 30. Kg2 Re8 31. Qc2
(31. Rh1 Re6 $5 (31... Qg6 32. fxg4 Qxg4+ 33. Kf2 (33. Kxh2 Re2+ 34. Qxe2 Qxe2+
35. Kg3 Qxa2) 33... Qh4+ 34. Kg2 Qg4+ $11) 32. fxg4 Qxg4+ 33. Kxh2 (33. Kf2
Rf6+ 34. Ke1 Bg3+ 35. Kd2 Rf2+ $19) 33... Re2+) 31... Re6 32. Rh1 Qh4 33. fxg4
Qxg4+ 34. Kxh2 Re2+) (26. Re1 Rbe8 27. Rbe3 $11) 26... Rbe8 27. Nxa7 (27. Bxh6
Qe4 28. Ne5 Bxe5 29. dxe5 Ng4 30. Bf4 Nxe5 $11) 27... Qh5 28. h3 Qa5 29. Qd2 (
29. Nc6 Qa4 $1 {[%cal Ya4c6,Ya4d1]}) 29... Qxa7 (29... Bb4 30. Qb2 Bd6 31. Qd2
$11) 30. Rxf6 gxf6 31. Qxh6+ Kg8 32. Qh4 Qa5 (32... Qa5 33. Qg4+ Kh8 34. Qh4+
Kg8 35. Qg4+ $11) 1/2-1/2

[Event "NED-ch58"]
[Site "Leeuwarden"]
[Date "2003.06.26"]
[Round "1"]
[White "Van den Doel, Erik"]
[Black "Nijboer, Friso"]
[Result "1/2-1/2"]
[WhiteElo "2588"]
[BlackElo "2562"]
[Annotator "Huzman,A"]
[PlyCount "122"]
[EventDate "2003.06.26"]
[EventType "tourn"]
[EventRounds "9"]
[EventCountry "NED"]
[EventCategory "11"]
[SourceTitle "CBM 096"]
[Source "ChessBase"]
[SourceDate "2003.09.25"]
[SourceVersion "1"]
[SourceVersionDate "2003.09.25"]
[SourceQuality "1"]

1. e4 e5 2. Nf3 Nf6 3. Nxe5 d6 4. Nf3 Nxe4 5. d4 d5 6. Bd3 Nc6 7. O-O Be7 8. c4
Nb4 9. Be2 O-O 10. a3 Nc6 11. cxd5 Qxd5 12. Nc3 Nxc3 13. bxc3 Bf5 14. Re1 Rfe8
15. Bf4 Rac8 16. Bd3 Bg6 (16... Qd7 17. Rb1 (17. Qc2 Bxd3 18. Qxd3 h6 19. d5
Bf6 20. Rad1 Na5 21. c4 b6 22. c5 Red8 23. Be5 Be7 24. Bxg7 Kxg7 25. Ne5 Qe8
26. Qf5 Qf8 27. Re4 Bg5 28. h4 Qe7 29. hxg5 h5 30. Ng4 Qd7 31. Qf6+ Kh7 32. Re7
{1-0 Schoepf,A-Harmon,C/Budapest HUN 2003/(32)}) 17... Bxd3 18. Qxd3 b6 19. d5
Bf6 20. c4 h6 21. h3 Re7 22. Rbd1 Rd8 23. Rxe7 Nxe7 24. Ne5 Bxe5 25. Bxe5 $14 {
[%csl Rc7] 1-0 Leko,P-Anand,V/Linares 2003/CBM 94/[Huzman] (65)}) (16... Bxd3
17. Qxd3 h6 (17... Bd6 18. c4 (18. Ng5 g6 19. Qh3 h5 20. Ne4 Be7 21. Rab1 b6
22. Qf3 Qf5 23. a4 Na5 24. h3 Qd7 25. Be5 $16 {1/2-1/2 Dencsi,T-Harmon,C/
Budapest HUN 2003/(44)}) 18... Qh5 19. Bg3 b6 20. Qb3 Qa5 21. Re3 Rxe3 22. Qxe3
Qf5 23. Re1 Qd7 24. Qe4 Na5 25. Ng5 g6 26. Qh4 f5 27. d5 Rf8 28. Bxd6 cxd6 29.
Re6 $16 Re8 30. Rxd6 Re4 31. Qxe4 Qxd6 32. Qe8+ Kg7 33. h4 Qxd5 {1-0 Prasad,
D-Singh,R/Mumbai IND 2003/(33)}) 18. c4 Qd7 19. Rad1 Bd6 20. Be3 Rcd8 21. Qc3
Qf5 22. d5 Ne5 23. Nxe5 {1/2-1/2 Nedev,T-Pavasovic,D/Bled 2002/EXT 2003 (23)})
17. c4 Qd8 (17... Qh5 $2 18. d5 Na5 19. Bxg6 Qxg6 20. Qa4 $18 {[%cal Ga4a5,
Ga4e8]}) 18. Bxg6 hxg6 19. d5 Na5 20. Qd3 (20. Qa4 b6 21. Bd2 Nb7 22. Nd4 Nc5
23. Qc2 Bf6 24. Nc6 Qd7 $14) (20. Qc2 b6 21. Bd2 Nb7 (21... c6 $5 22. Bxa5 bxa5
23. dxc6 Bf6 24. Rad1 Rxe1+ 25. Rxe1 Rxc6 $14) 22. Nd4 Qd7 23. Nc6 a6 $14)
20... b6 21. Nd4 Bf6 (21... c6 22. d6 Bf6 23. Rxe8+ Qxe8 24. Rd1 Rd8 25. Nf3
$16) 22. Rad1 $14 Bxd4 23. Qxd4 Qd7 (23... Nb3 $5 24. Qc3 Rxe1+ 25. Rxe1 Nc5
26. Be5 f6 (26... Qf8 27. Qg3 $16) 27. Bd4 (27. Bf4 Qd7 28. h3 g5 29. Be3 Nb7
$14) 27... c6 $14) 24. c5 $6 (24. Be5 f6 25. Bg3 $14) 24... Nb3 25. c6 Qxc6 (
25... Qf5 $5 26. Qc4 (26. Qc3 Rxe1+ 27. Rxe1 Qxd5 28. Qh3 Qf5 $15) 26... Na5
27. Rxe8+ Rxe8 28. Qc1 Nb3 29. Qc3 Qxf4 30. Qxb3 Re2 $11) 26. Qxg7+ Kxg7 27.
dxc6 Rxe1+ $6 (27... Na5 28. Rxe8 Rxe8 29. Kf1 (29. Bxc7 Re6 30. Rc1 Rxc6 31.
Rxc6 Nxc6 $14 {/=}) 29... Re6 $1 (29... Nxc6 30. Bxc7 $14) 30. Rd7 Rxc6 $11)
28. Rxe1 Na5 29. Rc1 Re8 30. h4 Re6 $14 {/=} 31. Bxc7 Rxc6 32. Be5+ f6 33. Rxc6
Nxc6 34. Bb2 Kf7 35. Kf1 b5 36. Ke2 Ke6 37. g4 a5 38. f4 (38. Kd3 Ne5+ 39. Bxe5
Kxe5 $11) 38... f5 39. h5 gxh5 40. gxh5 Kf7 41. Kf3 Kg8 42. Kg3 Kh7 43. Kh4 Kh6
$11 {Black has built a fortress - the white K has no chance to sneak into the
black camp.} 44. Be5 Nd8 45. Bc3 a4 46. Bb4 Nc6 47. Bc3 Nd8 48. Bb4 Ne6 49. Bd6
Nd4 50. Bf8+ Kh7 51. Bc5 Nc6 52. Be3 Kh6 53. Bd2 Nd4 54. Bb4 Nf3+ 55. Kg3 Nd4
56. Kh4 Ne6 57. Bd6 Kg7 58. Be5+ Kh7 59. Bd6 Kh6 60. Bb4 Kg7 61. Bd6 Kh6
1/2-1/2